[Event "World Rapid 2023"]
[Site "Samarkand UZB"]
[Date "2023.12.26"]
[EventDate "2023.12.26"]
[Round "3.66"]
[Result "1-0"]
[White "Mukhammadzokhid Suyarov"]
[Black "Vasquez Schroeder, Rodrigo"]
[WhiteElo "2089"]
[BlackElo "2582"]
[PlyCount "134"]

1. e4 c5 2. Nf3 d6 3. Bb5+ Nc6 4. O-O Bd7 5. Re1 Nf6 6. c3 a6 7. Bf1 Bg4 8.
d4 cxd4 9. cxd4 d5 10. e5 Nd7 11. Be3 e6 12. Nbd2 Be7 13. h3 Bh5 14. Rc1
O-O 15. Bd3 Bg6 16. Bxg6 fxg6 17. Nf1 Nb6 18. b3 Rc8 19. Qe2 Qd7 20. Bd2
Na8 21. Ng3 Nc7 22. a4 a5 23. h4 Qe8 24. Be3 Nb4 25. Rc3 Nc6 26. Rec1 Ba3
27. Rd1 Na6 28. Ng5 h6 29. Nh3 Bb4 30. Rcc1 Qf7 31. h5 gxh5 32. Nxh5 Be7
33. Qg4 Kh7 34. N3f4 Nc7 35. Nh3 Rg8 36. Qe2 g5 37. g4 Qg6 38. Kg2 Rcf8 39.
f3 Rf7 40. Rf1 Kh8 41. Rf2 Ne8 42. Ng3 Nc7 43. Rh1 Rh7 44. Rc1 Ba3 45. Rd1
Be7 46. Rff1 Nb4 47. Rc1 Bd8 48. Kh2 Rf7 49. Nh5 Qd3 50. Qxd3 Nxd3 51. Rcd1
Nb4 52. f4 gxf4 53. Bxf4 Kh7 54. Be3 Rgf8 55. Rxf7+ Rxf7 56. Kg3 Ne8 57. g5
Ng7 58. Nf6+ Bxf6 59. gxf6 Nf5+ 60. Kf3 Rc7 61. Nf4 Rc3 62. Nxe6 Nxe3 63.
Rg1 Nf5+ 64. Kf4 Nh4 65. Rg7+ Kh8 66. Kg4 Ng2 67. Nd8 1-0

[Event "World Rapid 2023"]
[Site "Samarkand UZB"]
[Date "2023.12.26"]
[EventDate "2023.12.26"]
[Round "3.67"]
[Result "1-0"]
[White "Sanan Sjugirov"]
[Black "Khalil Nafri"]
[WhiteElo "2584"]
[BlackElo "2243"]
[PlyCount "62"]

1. e4 c5 2. Nf3 Nc6 3. Bb5 e6 4. Bxc6 bxc6 5. Qe2 Ne7 6. h4 h5 7. d3 Ng6 8.
e5 f6 9. Nc3 fxe5 10. Nxe5 Qf6 11. Nxg6 Qxg6 12. Bg5 Bd6 13. Ne4 Be5 14.
O-O-O Rb8 15. c3 O-O 16. g3 c4 17. d4 Bc7 18. Rhe1 d5 19. Nc5 e5 20. dxe5
Bg4 21. Qe3 Rxb2 22. Kxb2 Rb8+ 23. Nb3 Bxd1 24. Rxd1 cxb3 25. axb3 Qf5 26.
e6 Be5 27. e7 Re8 28. Re1 Bf6 29. Bxf6 Qxf6 30. Qxa7 Kf7 31. Qe3 Rxe7 1-0

[Event "World Rapid 2023"]
[Site "Samarkand UZB"]
[Date "2023.12.26"]
[EventDate "2023.12.26"]
[Round "3.68"]
[Result "1-0"]
[White "Mikhail Kobalia"]
[Black "Harold Wanyama"]
[WhiteElo "2534"]
[BlackElo "2210"]
[PlyCount "96"]

1. e4 c5 2. Nf3 e6 3. g3 Nc6 4. Bg2 Nf6 5. Qe2 e5 6. O-O Be7 7. Nc3 d6 8.
d3 Bg4 9. Qd2 Nd4 10. Ne1 O-O 11. f3 Be6 12. f4 b5 13. Nd1 d5 14. f5 Bc8
15. c3 dxe4 16. cxd4 Qxd4+ 17. Qf2 Bb7 18. Nc3 Qxf2+ 19. Rxf2 c4 20. Nxe4
Nxe4 21. Bxe4 Bxe4 22. dxe4 Bc5 23. Nc2 Bxf2+ 24. Kxf2 Rfd8 25. Ke2 a5 26.
a3 Rd3 27. Bd2 f6 28. Ne3 Rd4 29. Bc3 Rxe4 30. Kf3 Rd4 31. Bxd4 exd4 32.
Nd5 Re8 33. g4 h5 34. h3 Re5 35. Nf4 Re3+ 36. Kf2 Rb3 37. Re1 hxg4 38. hxg4
Rxb2+ 39. Kg3 Rb3+ 40. Kf2 Re3 41. Rxe3 dxe3+ 42. Kxe3 b4 43. a4 Kh7 44.
Kd4 c3 45. Kd3 Kh6 46. Ne6 g6 47. g5+ fxg5 48. f6 1-0

[Event "World Rapid 2023"]
[Site "Samarkand UZB"]
[Date "2023.12.26"]
[EventDate "2023.12.26"]
[Round "3.69"]
[Result "0-1"]
[White "O`gorman, Tom"]
[Black "Rudik Makarian"]
[WhiteElo "2299"]
[BlackElo "2466"]
[PlyCount "60"]

1. d4 Nf6 2. c4 e6 3. Nc3 d5 4. cxd5 exd5 5. Bg5 c6 6. e3 h6 7. Bh4 Nbd7 8.
Bd3 Be7 9. Qc2 O-O 10. Nge2 Re8 11. O-O a5 12. f3 b5 13. Rad1 Ba6 14. Bf2
Nb6 15. h3 Qc8 16. Nf4 Bd6 17. Nce2 Qc7 18. h4 Nc4 19. Qc1 Qe7 20. Bxc4
bxc4 21. g4 Qd7 22. Kg2 c3 23. Qxc3 g5 24. hxg5 hxg5 25. Rh1 gxf4 26. Nxf4
Bxf4 27. exf4 Re2 28. Rh6 Qd6 29. Rdh1 Qxf4 30. Qxc6 Rxf2+ 0-1

[Event "World Rapid 2023"]
[Site "Samarkand UZB"]
[Date "2023.12.26"]
[EventDate "2023.12.26"]
[Round "3.70"]
[Result "1/2-1/2"]
[White "Khumoyun Begmuratov"]
[Black "Van Foreest, Lucas"]
[WhiteElo "2292"]
[BlackElo "2484"]
[PlyCount "46"]

1. e4 e5 2. Nf3 Nc6 3. Bb5 Nf6 4. O-O Nxe4 5. Re1 Nd6 6. Nxe5 Be7 7. Bf1
Nxe5 8. Rxe5 O-O 9. d4 Bf6 10. Re1 Re8 11. c3 Rxe1 12. Qxe1 Ne8 13. Bf4 d5
14. Bd3 g6 15. Nd2 Ng7 16. Nf3 c6 17. Qe3 Bf5 18. Re1 Bxd3 19. Qxd3 Qd7 20.
Ne5 Qe6 21. Nf3 Qd7 22. Ne5 Qe6 23. Nf3 1/2-1/2

[Event "World Rapid 2023"]
[Site "Samarkand UZB"]
[Date "2023.12.26"]
[EventDate "2023.12.26"]
[Round "3.71"]
[Result "1/2-1/2"]
[White "Rojas Salas, Steven"]
[Black "Robert Ruck"]
[WhiteElo "2175"]
[BlackElo "2470"]
[PlyCount "58"]

1. d4 Nf6 2. c4 e6 3. Nc3 Bb4 4. e3 O-O 5. Bd3 c5 6. Nf3 d5 7. cxd5 cxd4 8.
exd4 exd5 9. O-O Bg4 10. Qb3 Bxc3 11. bxc3 Bxf3 12. Qxb7 Bxg2 13. Kxg2 Nbd7
14. Bf4 Nh5 15. Bc7 Qg5+ 16. Kh1 Ndf6 17. Rg1 Qd2 18. Qa6 Ne4 19. Bxe4 dxe4
20. Qb5 f5 21. Be5 Rf7 22. Bxg7 Nxg7 23. Rxg7+ Rxg7 24. Qd5+ Kh8 25. Qxa8+
Rg8 26. Qd5 Qxf2 27. Qe5+ Rg7 28. Qe8+ Rg8 29. Qe5+ Rg7 1/2-1/2

[Event "World Rapid 2023"]
[Site "Samarkand UZB"]
[Date "2023.12.26"]
[EventDate "2023.12.26"]
[Round "3.72"]
[Result "1/2-1/2"]
[White "Gallego Alcaraz, Andres Felipe"]
[Black "Felix Xie"]
[WhiteElo "2419"]
[BlackElo "2164"]
[PlyCount "102"]

1. d4 Nf6 2. Nf3 g6 3. c4 Bg7 4. Nc3 d5 5. e3 O-O 6. Bd2 c5 7. dxc5 Na6 8.
cxd5 Nxc5 9. Bc4 a6 10. a4 b6 11. Qe2 Bb7 12. e4 b5 13. axb5 axb5 14. Rxa8
Qxa8 15. Bxb5 Qa1+ 16. Nd1 Ncxe4 17. O-O Nxd2 18. Qxd2 Bxd5 19. Nc3 Qa8 20.
Nxd5 Qxd5 21. Qxd5 Nxd5 22. b3 Rb8 23. Bc4 Nb6 24. h4 Rc8 25. Rc1 e6 26.
Kf1 Kf8 27. Ke2 Ke7 28. Rc2 h6 29. g3 Rb8 30. Ra2 Nxc4 31. bxc4 Rb4 32.
Ra7+ Ke8 33. Nd2 Bd4 34. Ra3 Rb2 35. f4 Ke7 36. Kd3 Bc5 37. Rc3 f5 38. Rc2
Rxc2 39. Kxc2 Bf2 40. Nf1 Kd6 41. Kd3 Kc5 42. Ke2 Bd4 43. Kd3 e5 44. fxe5
Bxe5 45. h5 gxh5 46. Ne3 Bxg3 47. Nxf5 h4 48. Nxh6 h3 49. Ng4 h2 50. Nxh2
Bxh2 51. Ke4 1/2-1/2

[Event "World Rapid 2023"]
[Site "Samarkand UZB"]
[Date "2023.12.26"]
[EventDate "2023.12.26"]
[Round "3.73"]
[Result "0-1"]
[White "Ali Kasimov"]
[Black "Matvey Galchenko"]
[WhiteElo "2114"]
[BlackElo "2416"]
[PlyCount "88"]

1. d4 Nf6 2. c4 c5 3. d5 e6 4. Nc3 exd5 5. cxd5 d6 6. e4 g6 7. Nf3 a6 8. a4
Bg4 9. Be2 Bxf3 10. Bxf3 Bg7 11. O-O Nbd7 12. Bf4 Qe7 13. Re1 Ne5 14. Be2
O-O 15. Bg3 g5 16. h4 h6 17. Qd2 g4 18. Bf4 Kh7 19. Qd1 Nh5 20. Bxe5 Bxe5
21. Bxg4 Qxh4 22. Qf3 Nf6 23. Bf5+ Kg7 24. g3 Qg5 25. Kg2 Rg8 26. Nd1 b5
27. Bh3 Kh8 28. axb5 axb5 29. Rxa8 Rxa8 30. Ne3 Ra2 31. Nf5 Nh5 32. Kh2
Rxb2 33. Re2 Rb1 34. Ra2 Ng7 35. Ra8+ Kh7 36. Ra7 Qf6 37. Qe3 Rb2 38. Bg2
Nxf5 39. exf5 c4 40. Rb7 Kg7 41. f4 Bd4 42. Qe4 c3 43. Kh3 c2 44. Rc7 Bc5
0-1

[Event "World Rapid 2023"]
[Site "Samarkand UZB"]
[Date "2023.12.26"]
[EventDate "2023.12.26"]
[Round "3.74"]
[Result "0-1"]
[White "Jaloliddin Ilkhomi"]
[Black "Raymond Song"]
[WhiteElo "1989"]
[BlackElo "2402"]
[PlyCount "74"]

1. Nf3 d5 2. d4 Nf6 3. Bf4 c5 4. e3 Nc6 5. c3 e6 6. Nbd2 Be7 7. Ne5 Nd7 8.
Nxd7 Bxd7 9. Bd3 O-O 10. Nf3 c4 11. Bc2 b5 12. h4 f5 13. Ne5 Nxe5 14. Bxe5
b4 15. Ba4 a5 16. g3 Ra7 17. Kf1 Qe8 18. Bc2 a4 19. cxb4 Bxb4 20. a3 Be7
21. g4 Rb7 22. Rb1 fxg4 23. Qxg4 Bf6 24. Bd6 e5 25. Qg2 Rf7 26. dxe5 Bxe5
27. Bxe5 Qxe5 28. Qg5 Bf5 29. e4 h6 30. Qe3 d4 31. Qe1 Bg4 32. Bd1 Bxd1 33.
Qxd1 Qxe4 34. Rg1 Qxh4 35. Rg2 Qh1+ 36. Rg1 Qh3+ 37. Rg2 Rxf2+ 0-1

[Event "World Rapid 2023"]
[Site "Samarkand UZB"]
[Date "2023.12.26"]
[EventDate "2023.12.26"]
[Round "3.75"]
[Result "1-0"]
[White "Ramazan Zhalmakhanov"]
[Black "Nikolay Tregubenko"]
[WhiteElo "2399"]
[BlackElo "1815"]
[PlyCount "70"]

1. e4 c5 2. Nc3 Nc6 3. Nf3 d6 4. d4 cxd4 5. Nxd4 Nf6 6. Bg5 Bd7 7. Qd2 Rc8
8. f3 Qa5 9. Nb3 Qc7 10. O-O-O a6 11. Bxf6 gxf6 12. Nd5 Qd8 13. f4 e6 14.
Ne3 b5 15. Be2 h5 16. Kb1 Qb6 17. c4 Qb7 18. Bf3 b4 19. h4 a5 20. Qe2 a4
21. Nc1 Qb6 22. Qd3 a3 23. b3 Be7 24. Rhe1 Qc5 25. Qd2 Bd8 26. Nd3 Qd4 27.
Nc2 Qc3 28. Qxc3 bxc3 29. Nxa3 Nd4 30. Nc2 Nxf3 31. gxf3 Bb6 32. Nc1 Ke7
33. Ne2 Bf2 34. Rh1 Be3 35. Nxe3 Ke8 1-0

[Event "World Rapid 2023"]
[Site "Samarkand UZB"]
[Date "2023.12.26"]
[EventDate "2023.12.26"]
[Round "3.76"]
[Result "1-0"]
[White "Nikolay Averin"]
[Black "David Bogdan"]
[WhiteElo "2240"]
[BlackElo "1745"]
[PlyCount "48"]

1. e4 c5 2. Nf3 Nc6 3. d4 cxd4 4. Nxd4 Qc7 5. Nc3 e6 6. Be3 Nf6 7. a3 a6 8.
Be2 Be7 9. g4 d6 10. g5 Nd7 11. Qd2 b5 12. O-O-O Bb7 13. Ndxb5 axb5 14.
Nxb5 Qb8 15. Nxd6+ Bxd6 16. Qxd6 Qxd6 17. Rxd6 Ke7 18. Rhd1 Rhd8 19. b3
Rac8 20. Kb2 Rc7 21. Bb5 Ncb8 22. Bb6 Nxb6 23. Rxd8 Bxe4 24. Re8# 1-0

[Event "World Rapid 2023"]
[Site "Samarkand UZB"]
[Date "2023.12.26"]
[EventDate "2023.12.26"]
[Round "3.77"]
[Result "0-1"]
[White "Timur Yonal"]
[Black "Cem Kaan Gokerkan"]
[WhiteElo "1854"]
[BlackElo "2365"]
[PlyCount "90"]

1. e4 c5 2. Nf3 d6 3. Bb5+ Nd7 4. c3 Nf6 5. Qe2 a6 6. Ba4 e6 7. O-O Be7 8.
d4 b5 9. Bc2 Bb7 10. Bf4 O-O 11. Re1 Rc8 12. h3 Qb6 13. Bd3 Rfd8 14. Nbd2
Nf8 15. Rad1 Ng6 16. Bh2 Qa7 17. Bb1 Qa8 18. Nb3 Qa7 19. Kh1 Qb6 20. Ng1 a5
21. f4 a4 22. Nc1 cxd4 23. cxd4 Bf8 24. Nf3 d5 25. e5 Ne4 26. Ng5 Nxg5 27.
fxg5 b4 28. Qf2 Ba6 29. h4 Ne7 30. Nd3 Nc6 31. Nf4 g6 32. h5 Ne7 33. hxg6
hxg6 34. g4 b3 35. a3 Bg7 36. Kg2 Rc4 37. Rh1 Rdc8 38. Qh4 Rc2+ 39. Bxc2
bxc2 40. Rc1 Qxd4 41. Rhe1 Qxb2 42. Bg3 d4 43. Rh1 Bb7+ 44. Kf2 Bxh1 45.
Qxh1 Qxa3 0-1

[Event "World Rapid 2023"]
[Site "Samarkand UZB"]
[Date "2023.12.26"]
[EventDate "2023.12.26"]
[Round "4.2"]
[Result "1/2-1/2"]
[White "Richard Rapport"]
[Black "Maxim Matlakov"]
[WhiteElo "2802"]
[BlackElo "2671"]
[PlyCount "84"]

1. Nf3 d5 2. g3 Nf6 3. Bg2 e6 4. O-O Be7 5. d3 O-O 6. Nbd2 c5 7. e4 Nc6 8.
Re1 h6 9. c3 Qc7 10. e5 Nd7 11. Qe2 b5 12. Nf1 Bb7 13. h4 d4 14. N1h2 dxc3
15. bxc3 Rfd8 16. Ng4 Bf8 17. Bf4 Nb6 18. Bxh6 Ne7 19. Bg5 Na4 20. Rac1 Qd7
21. d4 Rac8 22. h5 cxd4 23. cxd4 Nc3 24. Qb2 Bxf3 25. Bxf3 Qxd4 26. h6 gxh6
27. Be3 Qd3 28. Nf6+ Kh8 29. Bg2 b4 30. Bf1 Qg6 31. Qxb4 Ned5 32. Qa5 Bb4
33. Qxa7 Ra8 34. Qb7 Rab8 35. Qa6 Nxf6 36. exf6 Nd5 37. Red1 Nxe3 38. Rxd8+
Rxd8 39. Qb6 Qxf6 40. Qxb4 Nxf1 41. Kxf1 Kg7 42. Kg2 Rd3 1/2-1/2

[Event "World Rapid 2023"]
[Site "Samarkand UZB"]
[Date "2023.12.27"]
[EventDate "2023.12.26"]
[Round "6.3"]
[Result "1/2-1/2"]
[White "Ivan Cheparinov"]
[Black "Vachier-Lagrave, Maxime"]
[WhiteElo "2663"]
[BlackElo "2731"]
[PlyCount "54"]

1. Nf3 d5 2. d4 Nf6 3. c4 dxc4 4. e3 e6 5. Bxc4 a6 6. O-O c5 7. b3 cxd4 8. Nxd4
Be7 9. Bb2 O-O 10. Be2 b5 11. a4 bxa4 12. Rxa4 Bb7 13. Rc4 Bd5 14. Rc1 Re8 15.
Nc3 Bb7 16. Na4 Bf8 17. Qc2 Nbd7 18. Nc6 Bxc6 19. Qxc6 Qb8 20. Qc2 Ra7 21. Bd4
Rb7 22. Bxa6 Rxb3 23. Rb1 Rxb1 24. Rxb1 Qa8 25. Qe2 Rb8 26. Rxb8 Qxb8 27. Bb5 1/2-1/2

[Event "World Rapid 2023"]
[Site "Samarkand UZB"]
[Date "2023.12.27"]
[EventDate "2023.12.26"]
[Round "6.5"]
[Result "0-1"]
[White "Xiangyu Xu"]
[Black "Anton Guijarro, David"]
[WhiteElo "2623"]
[BlackElo "2670"]
[PlyCount "66"]

1. d4 d5 2. Nf3 e6 3. Bf4 Nf6 4. e3 c5 5. Nbd2 Nc6 6. c3 cxd4 7. exd4 Nh5 8. Be5
f6 9. Bg3 Bd6 10. Bb5 O-O 11. O-O a6 12. Bxd6 Qxd6 13. Bxc6 bxc6 14. Re1 Nf4 15.
Nb3 Ra7 16. Na5 c5 17. Qa4 Nd3 18. Re3 c4 19. Rb1 Bd7 20. Qa3 Qxa3 21. bxa3 Raa8
22. Ne1 Rfb8 23. Rxb8+ Rxb8 24. Nxd3 cxd3 25. Nb3 Ba4 26. Kf1 Kf7 27. g3 Bxb3
28. axb3 Rxb3 29. Rxd3 Rxa3 30. Ke2 g5 31. h3 Ra2+ 32. Ke1 Rc2 33. Rf3 a5 0-1

[Event "World Rapid 2023"]
[Site "Samarkand UZB"]
[Date "2023.12.27"]
[EventDate "2023.12.26"]
[Round "6.6"]
[Result "1/2-1/2"]
[White "Timur Gareyev"]
[Black "Rauf Mamedov"]
[WhiteElo "2570"]
[BlackElo "2651"]
[PlyCount "64"]

1. d4 d5 2. c4 e6 3. Nf3 Nf6 4. e3 c5 5. cxd5 exd5 6. Bb5+ Nc6 7. O-O cxd4 8.
exd4 Bd6 9. Re1+ Be6 10. Nc3 O-O 11. Bg5 a6 12. Bd3 Be7 13. h3 h6 14. Bf4 Bd6
15. Qd2 Bxf4 16. Qxf4 Nh5 17. Qd2 Qf6 18. Re3 Nf4 19. Rae1 Nxd3 20. Qxd3 Rac8
21. Ne5 Nxe5 22. dxe5 Qh4 23. Ne2 Qb4 24. Nd4 Qxb2 25. f4 Rc4 26. Rd1 Rfc8 27.
f5 Rc3 28. Qe2 Qxe2 29. Rxe2 Bd7 30. e6 Ba4 31. Rdd2 Re8 32. Kh2 Rc4 1/2-1/2

[Event "World Rapid 2023"]
[Site "Samarkand UZB"]
[Date "2023.12.27"]
[EventDate "2023.12.26"]
[Round "6.7"]
[Result "1/2-1/2"]
[White "Kirill Shevchenko"]
[Black "Pavel Ponkratov"]
[WhiteElo "2651"]
[BlackElo "2608"]
[PlyCount "58"]

1. d4 Nf6 2. c4 e6 3. Nc3 Bb4 4. e3 O-O 5. Bd3 d5 6. a3 Bxc3+ 7. bxc3 c5 8. cxd5
exd5 9. Ne2 Nc6 10. O-O Re8 11. f3 b6 12. Ra2 Bb7 13. Ng3 Rc8 14. Re2 cxd4 15.
cxd4 Na5 16. Kh1 h5 17. Ree1 Rc3 18. Bb1 Ba6 19. Ne2 Rc7 20. Rf2 Qc8 21. Ng3 Rc3
22. e4 dxe4 23. Nxe4 Nxe4 24. fxe4 Qg4 25. Rf3 Rec8 26. Bd2 Rxf3 27. gxf3 Qh3
28. Bxa5 Rc1 29. Qxc1 1/2-1/2

[Event "World Rapid 2023"]
[Site "Samarkand UZB"]
[Date "2023.12.27"]
[EventDate "2023.12.26"]
[Round "6.8"]
[Result "1-0"]
[White "Subramaniyam H Bharath"]
[Black "Sandipan Chanda"]
[WhiteElo "2504"]
[BlackElo "2486"]
[PlyCount "56"]

1. d4 f5 2. Bf4 Nf6 3. e3 d6 4. Nc3 e6 5. h3 g6 6. g4 Bg7 7. Bc4 Qe7 8. gxf5
exf5 9. Qf3 Nc6 10. Nge2 Na5 11. Bd3 Bd7 12. O-O-O O-O-O 13. h4 Rhe8 14. Bg5 h6
15. Bxf6 Bxf6 16. Nf4 Qf7 17. Qd5 Qxd5 18. Ncxd5 Bxh4 19. Rxh4 g5 20. Rxh6 gxf4
21. Nxf4 Nc6 22. Rg1 Rg8 23. Rxg8 Rxg8 24. Bc4 Rf8 25. Rh7 Nd8 26. Ng6 Re8 27.
Ne7+ Kb8 28. Nd5 1-0

[Event "World Rapid 2023"]
[Site "Samarkand UZB"]
[Date "2023.12.27"]
[EventDate "2023.12.26"]
[Round "6.9"]
[Result "1/2-1/2"]
[White "Conrad Holt"]
[Black "Levon Aronian"]
[WhiteElo "2540"]
[BlackElo "2723"]
[PlyCount "170"]

1. d4 Nf6 2. c4 e6 3. Nf3 d5 4. Nc3 Nbd7 5. cxd5 exd5 6. Bg5 Bb4 7. e3 c5 8.
dxc5 Qa5 9. Nd2 Bxc3 10. bxc3 Qxc3 11. Bxf6 Qxf6 12. Bb5 O-O 13. Bxd7 Bxd7 14.
O-O Rac8 15. Nb3 Bb5 16. Re1 Bc4 17. Qd4 Qa6 18. Rec1 Qa3 19. h3 a5 20. Rcb1 Rc7
21. Qb2 Qb4 22. Qe5 Rfc8 23. Qd4 h6 24. Nd2 Qa4 25. e4 Bb5 26. Qxd5 Rd7 27. Qf5
Bc6 28. Rc1 Re8 29. Nc4 Bxe4 30. Qg4 Bc6 31. Nd6 Qxg4 32. hxg4 Re5 33. f3 b5 34.
a3 Rc7 35. Rc2 Kf8 36. Kf2 h5 37. gxh5 Rxh5 38. Rac1 g6 39. Kg3 Re7 40. Kf2 Ree5
41. Rc3 Rd5 42. R1c2 Rhe5 43. Ne4 g5 44. Nd6 Kg7 45. Nc8 b4 46. axb4 axb4 47.
Rc4 b3 48. Rb2 Rd3 49. Na7 Bd5 50. Rc1 g4 51. fxg4 Re7 52. Nc8 Rc7 53. Nd6 Kg6
54. Nf5 Be6 55. Ne3 Ra7 56. Ke2 Rd4 57. Rd1 Rxd1 58. Kxd1 Rc7 59. Nf5 Rxc5 60.
Kd2 Kg5 61. Nd4 Bd5 62. Nxb3 Rc4 63. Nc1 Bxg2 64. Nd3 Rc7 65. Ke3 Bf1 66. Nf2
Rc3+ 67. Kd4 Ra3 68. Ne4+ Kxg4 69. Rf2 Ra4+ 70. Ke3 Bc4 71. Rf4+ Kh5 72. Nc3 Rb4
73. Kf3 Kg5 74. Kg3 f5 75. Rd4 Kf6 76. Kf4 Ke6 77. Nd5 Rb7 78. Ne3 Ba2 79. Nxf5
Bd5 80. Ne3 Rf7+ 81. Kg4 Bf3+ 82. Kg3 Ke5 83. Rb4 Be2 84. Ng4+ Kd5 85. Ne3+ 1/2-1/2

[Event "World Rapid 2023"]
[Site "Samarkand UZB"]
[Date "2023.12.27"]
[EventDate "2023.12.26"]
[Round "6.11"]
[Result "1/2-1/2"]
[White "Richard Rapport"]
[Black "David Paravyan"]
[WhiteElo "2731"]
[BlackElo "2612"]
[PlyCount "178"]

1. Nf3 d5 2. g3 g6 3. Bg2 Bg7 4. d4 Nf6 5. O-O O-O 6. a4 c5 7. dxc5 Na6 8. Nc3
Nxc5 9. a5 e6 10. Be3 Qe7 11. Bd4 Rd8 12. Qc1 Bd7 13. h3 Rac8 14. Qe3 Be8 15.
Rfd1 b5 16. axb6 axb6 17. Ne5 b5 18. Ra5 Nce4 19. Bb6 Nxc3 20. bxc3 Rd6 21. Ra7
Nd7 22. Bd4 Qd8 23. Ng4 f6 24. Rb7 h5 25. Nh2 e5 26. Ba7 Bf7 27. Rxb5 Nf8 28.
Bc5 Rd7 29. Bb6 Qe8 30. Bxd5 Bxd5 31. Rbxd5 Rxd5 32. Rxd5 Qe6 33. Rd8 Qxh3 34.
Qd3 Kh7 35. Nf3 Rxd8 36. Qxd8 Qf5 37. Qd1 g5 38. Be3 Ng6 39. c4 h4 40. Nh2 hxg3
41. fxg3 Qh3 42. Bf2 f5 43. Qf1 Qxf1+ 44. Nxf1 Ne7 45. e4 Kg6 46. g4 fxg4 47.
Ne3 Nc6 48. Kg2 Kh5 49. Nd5 Bf8 50. Nf6+ Kg6 51. Nxg4 Kf7 52. Kf3 Ke6 53. Ke2
Be7 54. Nh6 Na5 55. c5 Kd7 56. Kd3 Ke6 57. Be3 Bf8 58. Bxg5 Bxc5 59. Nf5 Bf8 60.
Bd2 Nb7 61. Kc4 Nc5 62. Ng3 Nb7 63. Bb4 Bxb4 64. Kxb4 Kf6 65. Kc4 Ke6 66. Nf5
Nd8 67. Kb5 Kf6 68. Nd6 Ne6 69. c3 Ng5 70. c4 Ke6 71. c5 Nf3 72. Kb6 Nd2 73. Kb7
Nb3 74. Kc6 Nd2 75. Kb6 Kd7 76. Kb5 Ke6 77. Kb4 Kd7 78. Kc3 Nf3 79. Nc4 Kc6 80.
Kb4 Ng5 81. Nd2 Ne6 82. Nb3 Ng5 83. Nd2 Ne6 84. Nf3 Nxc5 85. Nxe5+ Kb6 86. Nc4+
Kc6 87. Na5+ Kd6 88. Nb7+ Nxb7 89. e5+ Kxe5 1/2-1/2

[Event "World Rapid 2023"]
[Site "Samarkand UZB"]
[Date "2023.12.27"]
[EventDate "2023.12.26"]
[Round "6.14"]
[Result "0-1"]
[White "M Amin Tabatabaei"]
[Black "Teimour Radjabov"]
[WhiteElo "2692"]
[BlackElo "2723"]
[PlyCount "214"]

1. e4 e5 2. Nf3 Nf6 3. Nxe5 d6 4. Nf3 Nxe4 5. d4 d5 6. Bd3 Bf5 7. O-O Be7 8. Re1
O-O 9. Nbd2 Nd6 10. Nf1 Bxd3 11. Qxd3 c6 12. Bf4 Na6 13. Ne3 Nc7 14. g3 Re8 15.
h4 Ne6 16. Bxd6 Bxd6 17. Kg2 Qf6 18. b4 Qg6 19. Qxg6 hxg6 20. Reb1 a6 21. a4 Nc7
22. c3 f6 23. Nd2 Kf7 24. Nb3 Re7 25. Nc5 Ne6 26. Nd3 Nc7 27. Nf1 a5 28. b5 cxb5
29. axb5 b6 30. Ne3 Rd7 31. Nb2 Rb8 32. Na4 Bf8 33. Rb3 Ne6 34. Rh1 Nc7 35. Kf3
Ke6 36. Ke2 Kf7 37. Kd3 Ne6 38. Rbb1 Nc7 39. h5 g5 40. Nf5 Kg8 41. Rhe1 Kf7 42.
Ke2 Ne6 43. Kf3 Nc7 44. Kg4 Ne6 45. Ne3 Nc7 46. Kf3 Ne6 47. Ke2 Nc7 48. Kd3 Ne6
49. Rf1 Nc7 50. f4 gxf4 51. Rxf4 Bd6 52. Rf3 Be7 53. g4 Kg8 54. Nf5 Bf8 55. Ne3
Be7 56. Rf5 Kh7 57. Ng2 Bd6 58. Ne3 Be7 59. Rb2 Kg8 60. Ng2 Ne6 61. Re2 Kf7 62.
Rxe6 Kxe6 63. Nf4+ Kf7 64. g5 Bd8 65. g6+ Kg8 66. Nxd5 Rd6 67. c4 Re6 68. Rf1
Re8 69. Rf3 Rf8 70. Ke4 Re8+ 71. Kf5 Re1 72. Re3 Rf1+ 73. Ke6 f5 74. Kd7 Bg5 75.
Re5 Bf6 76. Nxf6+ gxf6 77. Re6 Kg7 78. Re7+ Kh6 79. Rh7+ Kg5 80. g7 Rh1 81. Kc7
Rg8 82. d5 f4 83. d6 f3 84. d7 Rd1 85. Nc3 Rd4 86. Nd5 Rxc4+ 87. Kd6 f2 88. Rh8
Rxg7 89. d8=Q f1=Q 90. h6 Rg6 91. Qe7 Qf2 92. Kd7 Qf5+ 93. Kd6 Qe5+ 94. Qxe5+
fxe5+ 95. Kxe5 Rxh6 96. Rf8 Rc5 97. Rf5+ Kg4 98. Rf4+ Kg3 99. Rf5 Rxb5 100. Rg5+
Kh4 101. Rg1 Rc6 102. Ke4 Rc4+ 103. Kd3 Rg4 104. Rh1+ Kg5 105. Nc7 Rb3+ 106. Kc2
a4 107. Rh2 Rc4+ 0-1

[Event "World Rapid 2023"]
[Site "Samarkand UZB"]
[Date "2023.12.27"]
[EventDate "2023.12.26"]
[Round "6.15"]
[Result "1/2-1/2"]
[White "Alexander Grischuk"]
[Black "Denis Makhnev"]
[WhiteElo "2732"]
[BlackElo "2486"]
[PlyCount "82"]

1. d4 d5 2. Nf3 e6 3. Bf4 Nf6 4. e3 c5 5. c3 Nc6 6. Nbd2 Nh5 7. Bg5 f6 8. Bh4
cxd4 9. cxd4 g6 10. Bd3 Bd6 11. O-O O-O 12. Rc1 Bd7 13. a3 Rc8 14. Be2 g5 15.
Bg3 Nxg3 16. hxg3 f5 17. Ne1 f4 18. gxf4 gxf4 19. Bg4 Qg5 20. Rc3 fxe3 21. fxe3
Ne7 22. Rxf8+ Rxf8 23. Bh3 Kh8 24. Nef3 Qh6 25. Qe1 Ng6 26. Qf2 a5 27. Nf1 b5
28. N1h2 b4 29. axb4 axb4 30. Rc2 Qg7 31. Kh1 h5 32. Rc1 Qf6 33. Qe2 Kg7 34. Rf1
Qe7 35. Ra1 Rc8 36. Rg1 Ba4 37. Qa6 Bd7 38. Qd3 Rf8 39. Qe2 Rc8 40. Qd3 Rf8 41.
Qe2 Rc8 1/2-1/2

[Event "World Rapid 2023"]
[Site "Samarkand UZB"]
[Date "2023.12.27"]
[EventDate "2023.12.26"]
[Round "6.16"]
[Result "0-1"]
[White "Nodirbek Yakubboev"]
[Black "Sarin Nihal"]
[WhiteElo "2661"]
[BlackElo "2688"]
[PlyCount "88"]

1. d4 Nf6 2. c4 e6 3. Nf3 d5 4. Nc3 Nbd7 5. Qc2 c6 6. cxd5 exd5 7. Bf4 Nh5 8.
Bd2 Be7 9. g4 Nhf6 10. g5 Nh5 11. e4 O-O 12. exd5 cxd5 13. Bd3 g6 14. O-O-O Nb6
15. Rhg1 Nc4 16. Ne5 Nxe5 17. dxe5 Be6 18. Qa4 d4 19. Ne2 Qd5 20. Nxd4 Bd7 21.
Bb5 Bxb5 22. Nxb5 Qxe5 23. f4 Qc5+ 24. Kb1 Rfd8 25. Bc3 a6 26. Nd4 Nxf4 27. h4
Nd5 28. Ba5 Nb6 29. Bxb6 Qxb6 30. Nb3 Bf8 31. Qe4 Re8 32. Qf3 Re3 33. Qf4 Rae8
34. Rgf1 Qe6 35. Ka1 Re4 36. Qf3 Rxh4 37. Qxb7 Rb4 38. Qh1 Re4 39. Qf3 Rc8 40.
Nd4 Qe7 41. Qh3 Rd8 42. Rh1 h5 43. gxh6 Rexd4 44. Rdf1 Kh7 0-1

[Event "World Rapid 2023"]
[Site "Samarkand UZB"]
[Date "2023.12.27"]
[EventDate "2023.12.26"]
[Round "6.17"]
[Result "1/2-1/2"]
[White "Giga Quparadze"]
[Black "Laurent Fressinet"]
[WhiteElo "2491"]
[BlackElo "2637"]
[PlyCount "128"]

1. e4 e5 2. Nf3 Nc6 3. Bb5 Nf6 4. O-O Nxe4 5. d4 Nd6 6. Bxc6 dxc6 7. dxe5 Nf5 8.
Qxd8+ Kxd8 9. h3 Ke8 10. Nc3 a5 11. Rd1 a4 12. a3 h6 13. Bf4 Be6 14. g4 Ne7 15.
Nd4 Nd5 16. Nxd5 cxd5 17. Rac1 c5 18. Nb5 Kd7 19. Kg2 Kc6 20. Nd6 h5 21. f3 hxg4
22. hxg4 Be7 23. Rh1 g6 24. Rce1 b5 25. c3 Raf8 26. Bg3 Bd8 27. Rxh8 Rxh8 28. f4
Bxg4 29. Nxf7 Re8 30. Nxd8+ Rxd8 31. e6 Rh8 32. e7 Kd7 33. Bf2 Bf5 34. Re5 Ke8
35. Bxc5 Rh4 36. Rxd5 Be4+ 37. Kg3 Bxd5 38. Kxh4 Be4 39. Kg3 Bd5 40. Kf2 Bc4 41.
Ke3 Kf7 42. Kd4 Ke8 43. Ke5 Bd3 44. Kf6 Bf5 45. Be3 Bd3 46. Bc1 Bf5 47. Be3 Bd3
48. Bf2 Bf5 49. Bh4 Bd3 50. Ke5 Bc4 51. Bf6 Kd7 52. Kd4 Ke8 53. Kc5 Kd7 54. Kb6
Ke8 55. Kc7 Bd3 56. Kd6 Bc4 57. Kc6 Bd3 58. Kd6 Bc4 59. Bh4 Bd3 60. Bf2 Bc4 61.
Be3 Bd3 62. b3 axb3 63. Bc1 Be2 64. Bb2 Bf1 1/2-1/2

[Event "World Rapid 2023"]
[Site "Samarkand UZB"]
[Date "2023.12.27"]
[EventDate "2023.12.26"]
[Round "6.18"]
[Result "1/2-1/2"]
[White "Evgeny Tomashevsky"]
[Black "Sergey Grigoriants"]
[WhiteElo "2681"]
[BlackElo "2544"]
[PlyCount "48"]

1. e4 e5 2. Nf3 Nc6 3. Bb5 a6 4. Ba4 Nf6 5. O-O Bc5 6. c3 b5 7. Bc2 d6 8. d4 Bb6
9. h3 O-O 10. Re1 h6 11. Be3 Re8 12. Nbd2 Bb7 13. a3 Nb8 14. dxe5 dxe5 15. Bxb6
cxb6 16. Nf1 Nbd7 17. Ng3 Qc7 18. Nf5 Nc5 19. Qd6 Qxd6 20. Nxd6 Re6 21. Rad1 Rd8
22. Nxb7 Nxb7 23. Rxd8+ Nxd8 24. Bb3 1/2-1/2